[Event "Pfalz op-B 11th"]
[Site "Neustadt an der Weinstrasse"]
[Date "2020.02.24"]
[Round "6"]
[White "Bardorz, Christoph"]
[Black "Doll, Rebecca"]
[Result "1/2-1/2"]
[WhiteElo "1773"]
[BlackElo "1727"]
[PlyCount "65"]
[EventDate "2020.02.21"]
[EventType "swiss"]
[EventRounds "7"]
[EventCountry "GER"]
[SourceTitle "CBM 195 Extra"]
[Source "ChessBase"]
[SourceDate "2020.05.31"]
[SourceVersion "1"]
[SourceVersionDate "2020.05.31"]
[SourceQuality "1"]

1. e4 e5 2. Nf3 Nc6 3. Nc3 Nf6 4. Bb5 Bd6 5. d3 a6 6. Ba4 b5 7. Bb3 0-0 8. a3 Bb7 9. Bg5 Be7 10. h3 d6 11. 0-0 Na5 12. Ba2 c5 13. Bxf6 Bxf6 14. Bd5 g6 15. Bxb7 Nxb7 16. Nd5 Bg7 17. Nh2 Rc8 18. a4 Na5 19. Qd2 b4 20. b3 Nc6 21. Ng4 Nd4 22. f3 Kh8 23. Nge3 Qg5 24. g4 f5 25. Qg2 Rf7 26. gxf5 Qxg2+ 27. Kxg2 gxf5 28. Nxf5 Nxf5 29. exf5 Rxf5 30. Rae1 Bh6 31. Re4 Bf4 32. Nxf4 exf4 33. Kf2 1/2-1/2